000 00320nam a22001457a 4500
003 OSt
008 250506b |||||||| |||| 00| 0 eng d
100 _aRAI,Laala Laajpat
245 _aAryasamaj
250 _a1st
260 _aNew Delhi
_bTilak Raj Arya
_c2001
300 _a231
650 _aGeneral
942 _2ddc
_cBK
999 _c13544
_d13544